01025nas a2200277Ia 4500001001600000003001000016008004100026040002500067041001300092100002600105210002100131222002100152245007000173250001100243260000900254501012300263300001400386362001600400500006500416650003100481700001100512942000700523957000600530999003300536952017800569A05/R055-35495 IT-MiCISF161014c99999999xx |||||||||||| ||und|| aIT-MiCISFcIT-MiCISF aITALIANO aCallari Galli Matilde aMinori giustizia aMinori giustizia 0aUna prospettiva antropologica nella famiglia adottiva multietnica a1a ed. c1996 bCISF - Centro Internazionale Studi Famiglia - Via Giotto, 36 20145 MILANO (non commercial uses only)cCopyright 2016 app. 16-28 an. 3 [1996] a Tema: famiglia-adottiva, antropologia, famiglia-multietnica aADOZIONE, AFFIDOvarticolo aAA.VV. cCR 71 a35495bSig1c236252d236252 0010406A_05_000000000000000_R0553549571aCISFbCISFd2016-10-14l0oA05/R055-35495 r2016-10-14 00:00:00w2016-10-14yCRzData import 15.10.2016 / by Epidotti, Vaglietti